000 00647nam a2200229Ia 4500
003 OSt
005 20220926014127.0
006 a|||||r|||| 00| 0
007 ta
008 220923b |||||||| |||| 00| 0 eng d
037 _cGeneral Book
040 _aRTL
_cRTL
_beng
041 _2eng
_aeng
082 _aX:8:(D6,9(B), M2
100 _aLucas H C
_9319831
245 0 _aCoping with computers
_b A managers guide to contro
260 _aNew York
_bMacmillan Press U. S. A.
_c1982
300 _a163p
_ccm.
650 _aManagement
_930681
942 _hX:8:(D6,9(B), M2
_cGB
_2CC
999 _c627936
_d627936